000
00280nam a22001337a 4500
003
SGT
082
_a
635
_b
WIL
100
_a
WILLIAMS R O
245
_a
THE USEFUL AND ORNAMENTAL PLANTS
260
_a
U K
_b
ZANZIBAR PUB
_c
1949
300
_a
325
650
_a
AG
942
_2
ddc
_c
RARE
999
_c
33734
_d
33734